Slovník mezinárodních organizací

Guardado en:
Detalles Bibliográficos
Otros Autores: Pavlásková, Lýdie
Formato: Libro
Lenguaje:checo
Publicado: Praha Práce 1971
Etiquetas: Agregar Etiqueta
Sin Etiquetas, Sea el primero en etiquetar este registro!

MARC

LEADER 00000nam a2200000 4500
001 c121856
005 20050302095230.2
041 0 |a cze 
044 |a CZ 
245 1 0 |a Slovník mezinárodních organizací  |c [Z rus. orig. přel. Lýdie Pavlásková] 
264 1 |a Praha  |b Práce  |c 1971 
300 |a 133 s. 
700 1 |a Pavlásková, Lýdie